1754 1098 1372 1457 1669 1744 1753 1873 1427 1733 1803 1975 1830 1998 1469 1713 1064 1721 1296 1204 1348 1497 1201 1842 1267 1517 1107 1909 1889 1660 1115 1580 1183 1616 1478 1444 1768 1929 1310 1598 1344 1647 1607 1388 1463 1853 1420 1757 1733 1082 1192 1037 1467 1929 1737 1353 1642 1532 1556 1745 1968 1597 1029 1990 1727 1973 1598 1879 1978 1842 1334 1794 1195 1226 1245 1770 1568 1599 1721 1359 1661 1366 1342 1323 1051 1032 1360 1363 1152 1306 1560 1610 1444 1725 1799 1611 1415 1718 1221 BCNSPRNW ULIB Ver.6.0+V

เปลี่ยนเป็นภาษาไทย

Change to English
 แสดงรายละเอียดบรรณานุกรม
  กลับหน้าหลัก

Brief Record : Get Marc (ISO 2709) : E-mail record : QR code < ปิดหน้าต่าง
LEADER : 00000nam 2200000uu 4500
001    13399120894
003     ULIB
008    121024s2549||||th 000 0 tha d
099    ^aวจ.WP470^cศ447ผ
100 0  ^aศิริกาญจน์ ลอยเมฆ
245 00 ^aผลการใช้โปรแกรมการเรียนรู้แบบมีส่วนร่วมต่อความรู้เจตคติและความตั้งใจในการตรวจคัดกรองมะเร็งปากมดลูกของสตรีอายุ 35-60 ปี/^cศิริกาญจน์ ลอยเมฆ
260    ^aนครสวรรค์:^bวิทยานิพนธ์ ครุศาสตร์มหาบัณฑิต มหาวิทยาลัยราชภัฎนครสวรรค์,^c2549
300    ^a160 แผ่น
650  0 ^aมะเร็งปากมดลูก^nการตรวจ^xวิจัย
945    ^p0^l0^i032868
995    ^aเกษร
999    ^aใช้งานได้ทุกระบบ
รายการนี้ยังไม่มีแท็ก
คุณยังไม่ได้ล็อกอิน คุณสามารถมีกิจกรรมร่วมกับเว็บไซต์ได้ แต่ต้องล็อกอินก่อน ::
  ล็อกอิน

รายการสื่อสารสนเทศ

ลำดับที่ ประเภท เลขเรียก/บาร์โค้ด สถานที่ สถานะ
1. วิทยานิพนธ์
วิทยานิพนธ์
วจ.WP470 ศ447ผ  
  Barcode: 032868
ห้องสมุดวิทยาเขตสวรรค์ประชารักษ์
►วิจัย
บนชั้น

BibComment


ยังไม่เคยถูกคอมเมนท์

คอมเมนท์ทรัพยากรรายการนี้
  คอมเมนท์: ผลการใช้โปรแกรมก..


 Copyright 2026. Bcnsprnw @Library